[Event "Koge Bugt Summer"]
[Site "Solrod"]
[Date "2011.08.17"]
[Round "1.5"]
[White "Nielsen, Steen"]
[Black "Jensen, Tom B"]
[Result "1-0"]
[WhiteElo "1574"]
[BlackElo "1468"]
[PlyCount "89"]
[EventDate "2011.08.17"]
[EventType "swiss"]
[EventRounds "7"]
[EventCountry "DEN"]
[SourceTitle "EXT 2023"]
[Source "ChessBase"]
[SourceDate "2022.10.05"]
[SourceVersion "1"]
[SourceVersionDate "2022.10.05"]
[SourceQuality "1"]

1. d4 d5 2. c4 e6 3. Nf3 c6 4. Nc3 Nf6 5. e3 Nbd7 6. cxd5 cxd5 7. Bd3 Bd6 8. 0-0 b6 9. a4 Bb7 10. b3 Rc8 11. Nb5 Bb8 12. Ba3 Nf8 13. Qd2 a6 14. Nc3 Bd6 15. Rfc1 Bxa3 16. Rxa3 N8d7 17. b4 0-0 18. Rc2 Qe7 19. Rb3 h6 20. Qc1 e5 21. dxe5 Nxe5 22. Nxe5 Qxe5 23. h3 Qg5 24. Bf1 Qg6 25. Rbb2 Qf5 26. Ne2 Ne4 27. Nd4 Qd7 28. a5 b5 29. Be2 g6 30. Qd1 Nd6 31. Bg4 f5 32. Bf3 Nc4 33. Rb3 Rce8 34. Qe1 Re7 35. Rd3 Qe8 36. Rd1 Kh7 37. Ne2 Qf7 38. Rd4 Rd8 39. Qd1 Red7 40. Nf4 g5 41. Nd3 Qe7 42. Nc5 Nxe3 43. fxe3 Qxe3+ 44. Kh1 Re7 45. Re2 1-0

[Event "Koge Bugt Spring"]
[Site "Solrod"]
[Date "2011.03.30"]
[Round "1.8"]
[White "Jensen, Tom B"]
[Black "Nielsen, Steen"]
[Result "0-1"]
[WhiteElo "1278"]
[BlackElo "1443"]
[PlyCount "108"]
[EventDate "2011.03.30"]
[EventType "swiss"]
[EventRounds "7"]
[EventCountry "DEN"]
[SourceTitle "EXT 2023"]
[Source "ChessBase"]
[SourceDate "2022.10.05"]
[SourceVersion "1"]
[SourceVersionDate "2022.10.05"]
[SourceQuality "1"]

1. e4 c5 2. d3 Nc6 3. Nc3 e6 4. f4 d6 5. Nf3 Qc7 6. g3 Nf6 7. Bg2 a6 8. 0-0 Be7 9. Kh1 b5 10. b3 0-0 11. Bb2 d5 12. Qe1 d4 13. Nd1 e5 14. Bc1 Bg4 15. f5 c4 16. Nf2 Nb4 17. Qe2 cxd3 18. cxd3 Rac8 19. h3 Bxf3 20. Bxf3 Qc2 21. Qd1 Nxa2 22. Bg5 Rc3 23. Qxc2 Rxc2 24. Bd1 Rb2 25. Bc1 Nxc1 26. Rxc1 Ra8 27. Rc6 Kf8 28. g4 Nd7 29. Kg1 Nc5 30. g5 Nxb3 31. f6 Bb4 32. fxg7+ Kxg7 33. Ng4 Nd2 34. Rxf7+ Kxf7 35. Nxe5+ Ke7 36. Bg4 Rf8 37. Bf5 Rb1+ 38. Kg2 Nf1 39. Re6+ Kd8 40. Nc6+ Kc7 41. Nxb4 Ne3+ 42. Kh2 Rb2+ 43. Kg1 Rxb4 44. Bxh7 Rf1+ 45. Kh2 Rb2+ 46. Kg3 Rg2+ 47. Kh4 Nf5+ 48. Bxf5 b4 49. Rxa6 b3 50. Ra4 b2 51. Rc4+ Kb6 52. Rxd4 b1Q 53. Rd6+ Kc7 54. Rd7+ Kc6 0-1

[Event "Taastrup Quick Weekend 10th B4"]
[Site "Taastrup"]
[Date "2009.10.03"]
[Round "3"]
[White "Jensen, Tom B"]
[Black "Hansen, Erik Friberg"]
[Result "1/2-1/2"]
[WhiteElo "1202"]
[BlackElo "1210"]
[PlyCount "80"]
[EventDate "2009.10.02"]
[EventType "swiss"]
[EventRounds "3"]
[EventCountry "DEN"]
[SourceTitle "EXT 2023"]
[Source "ChessBase"]
[SourceDate "2022.10.05"]
[SourceVersion "1"]
[SourceVersionDate "2022.10.05"]
[SourceQuality "1"]

1. e4 d5 2. exd5 Qxd5 3. Nc3 Qa5 4. d3 c6 5. Nf3 Bg4 6. Be2 Nf6 7. Bd2 Qc7 8. 0-0 e6 9. Bg5 Nbd7 10. h3 Bh5 11. Ne4 Be7 12. Bh4 0-0 13. Bg3 e5 14. Nc3 Bd6 15. Ne4 Nxe4 16. dxe4 Nf6 17. Ng5 Bxe2 18. Qxe2 h6 19. Nf3 Rfe8 20. Rad1 Rad8 21. Rd3 Nd7 22. Rfd1 Nc5 23. R3d2 Na4 24. c3 Nc5 25. Bxe5 Bxe5 26. Rxd8 Rxd8 27. Rxd8+ Qxd8 28. Nxe5 Qe7 29. Nd3 Qxe4 30. Qxe4 Nxe4 31. f3 Nd6 32. Kf2 f6 33. g4 g5 34. Kg3 f5 35. f4 Kf7 36. Kf3 Kf6 37. Nc5 b6 38. Nd7+ Ke6 39. Ne5 c5 40. Nd3 Nc4 1/2-1/2

[Event "Taastrup Quick Weekend 10th B4"]
[Site "Taastrup"]
[Date "2009.10.02"]
[Round "1"]
[White "Jensen, Tom B"]
[Black "Nejst, Leif"]
[Result "1-0"]
[WhiteElo "1202"]
[BlackElo "1000"]
[PlyCount "51"]
[EventDate "2009.10.02"]
[EventType "swiss"]
[EventRounds "3"]
[EventCountry "DEN"]
[SourceTitle "EXT 2023"]
[Source "ChessBase"]
[SourceDate "2022.10.05"]
[SourceVersion "1"]
[SourceVersionDate "2022.10.05"]
[SourceQuality "1"]

1. e4 e5 2. Nf3 Nc6 3. Bc4 Nf6 4. d3 Bb4+ 5. c3 Bc5 6. Bg5 0-0 7. 0-0 h6 8. Be3 Ng4 9. Bxc5 Re8 10. Be3 Qf6 11. Nbd2 Qg6 12. Nh4 Qh5 13. Ndf3 g5 14. Nf5 Ne7 15. Nxe7+ Rxe7 16. h3 Nf6 17. Qd2 d6 18. Nxg5 hxg5 19. Bxg5 Kf8 20. Bxf6 Re8 21. f4 exf4 22. Rxf4 Qh6 23. Raf1 Re5 24. Rh4 Qg6 25. Rh8+ Qg8 26. Qh6+ 1-0